Documento curricular

Na minha lista:
Detalhes bibliográficos
Autor Corporativo: Consejo General de Cultura y Educación (Autor)
Formato: Livro
Idioma:espanhol
Publicado em: Buenos Aires Consejo General de Cultura y Educación 1996
Assuntos:
Tags: Adicionar Tag
Sem tags, seja o primeiro a adicionar uma tag!

MARC

LEADER 00000nam a2200000 a 4500
001 UCS6067
003 CL-VaPUC
008 970912e19960000AG |||||||||||||||||spa|d
082 0 4 |a 372.19  |b CON  |2 21 
110 2 |a Consejo General de Cultura y Educación  |e author  |9 391520 
245 1 0 |a Documento curricular 
300 |a 142 p 
942 |c BK 
945 |d 19970912 00:00:00  |a rleighto 
260 |a Buenos Aires  |b Consejo General de Cultura y Educación  |c 1996 
650 0 |a Diseño curricular  |9 378490 
650 0 |a Currículo  |9 307290 
650 7 |a MATERIAS DEL CURRICULO  |2 CL-VaPUC  |9 362159 
650 0 |a Educación básica   |9 224933 
650 7 |a PROGRAMAS DE ESTUDIO  |2 CL-VaPUC  |9 391521 
583 |a last modification  |c 19970912 00:00:00  |k Rodrigo Vera 
999 |c 262069  |d 262067 
952 |0 0  |1 0  |4 0  |6 372_190000000000000_CON_1996  |7 0  |8 P  |9 290240  |a BIBEDU  |b BIBEDU  |c BIBEDU_PB  |d 2019-11-19  |i 3347877  |o 372.19 CON 1996  |p 3347877  |r 2024-01-25  |w 2019-11-19  |y BK  |k EDU